<?xml version="1.0" encoding="UTF-8"?><?xml-stylesheet type="text/xsl" href="static/style.xsl"?><OAI-PMH xmlns="http://www.openarchives.org/OAI/2.0/" xmlns:xsi="http://www.w3.org/2001/XMLSchema-instance" xsi:schemaLocation="http://www.openarchives.org/OAI/2.0/ http://www.openarchives.org/OAI/2.0/OAI-PMH.xsd"><responseDate>2026-04-13T05:56:17Z</responseDate><request verb="GetRecord" identifier="oai:www.recercat.cat:10230/46246" metadataPrefix="marc">https://recercat.cat/oai/request</request><GetRecord><record><header><identifier>oai:recercat.cat:10230/46246</identifier><datestamp>2025-12-24T08:35:04Z</datestamp><setSpec>com_2072_6</setSpec><setSpec>col_2072_452952</setSpec></header><metadata><record xmlns="http://www.loc.gov/MARC21/slim" xmlns:dcterms="http://purl.org/dc/terms/" xmlns:xsi="http://www.w3.org/2001/XMLSchema-instance" xmlns:doc="http://www.lyncode.com/xoai" xsi:schemaLocation="http://www.loc.gov/MARC21/slim http://www.loc.gov/standards/marcxml/schema/MARC21slim.xsd">
   <leader>00925njm 22002777a 4500</leader>
   <datafield ind2=" " ind1=" " tag="042">
      <subfield code="a">dc</subfield>
   </datafield>
   <datafield ind2=" " ind1=" " tag="720">
      <subfield code="a">Ghorbel, Amina</subfield>
      <subfield code="e">author</subfield>
   </datafield>
   <datafield ind2=" " ind1=" " tag="720">
      <subfield code="a">André, Franck M.</subfield>
      <subfield code="e">author</subfield>
   </datafield>
   <datafield ind2=" " ind1=" " tag="720">
      <subfield code="a">Mir, Lluis M.</subfield>
      <subfield code="e">author</subfield>
   </datafield>
   <datafield ind2=" " ind1=" " tag="720">
      <subfield code="a">García Sánchez, Tomás</subfield>
      <subfield code="e">author</subfield>
   </datafield>
   <datafield ind2=" " ind1=" " tag="260">
      <subfield code="c">2021-01-22T09:03:48Z</subfield>
   </datafield>
   <datafield ind2=" " ind1=" " tag="260">
      <subfield code="c">2021</subfield>
   </datafield>
   <datafield ind2=" " ind1=" " tag="520">
      <subfield code="a">The use of conductive nanoparticles (NPs) was previously proposed as a way to locally amplify the electric field (EF) intensity at the cell membrane to enhance cell electroporation. To achieve this, a close distance between the NPs and the cell membrane is mandatory. Here, a new method to improve the contact between NPs and cell surface using the effects of electric pulses (electrophoretic forces) is explored. The effects of two types of electric pulses are analyzed alone or combined in a two-pulse-train protocol on Chinese hamster DC-3F cells. Particularly we used 100 µs duration pulses, low intensity-millisecond pulses and combinations of both. Finally, we studied the use of surface coated NPs (PEGylated) for this application. Our results demonstrate that the delivery of an electric field prior to the electroporation pulses increases the accumulation of NPs around the cell membrane suggesting that NPs are pushed towards the cell surface through electrophoretic forces. This allowed reducing the need for long incubations between cells and NPs to observe an enhancement of electroporation mediated by conductive NPs. Thus low intensity-millisecond pulses can be used to increase the accumulation of either aggregated or individual (i.e. PEGylated) NPs supporting the electrophoretic nature of the observed effects.</subfield>
   </datafield>
   <datafield ind2=" " ind1=" " tag="520">
      <subfield code="a">This work was partially funded by La Ligue contre le Cancer postdoctoral fellowship program to TGS and a grant of Tunisian government to AG. The authors thank the funding support of the CNRS, Gustave Roussy, Univ. Paris-Sud and Université Paris-Saclay, as well as the ITMO Cancer in the frame of the Plan Cancer 2015-2019 (project PC201517).</subfield>
   </datafield>
   <datafield tag="653" ind2=" " ind1=" ">
      <subfield code="a">Gold nanoparticles</subfield>
   </datafield>
   <datafield tag="653" ind2=" " ind1=" ">
      <subfield code="a">Local electric field</subfield>
   </datafield>
   <datafield tag="653" ind2=" " ind1=" ">
      <subfield code="a">Pulsed electric fields</subfield>
   </datafield>
   <datafield tag="653" ind2=" " ind1=" ">
      <subfield code="a">Electroporation</subfield>
   </datafield>
   <datafield ind2="0" ind1="0" tag="245">
      <subfield code="a">Electrophoresis-assisted accumulation of conductive nanoparticles for the enhancement of cell electropermeabilization</subfield>
   </datafield>
</record></metadata></record></GetRecord></OAI-PMH>